Datum a čas kvízu
33
Celkem bodů
Celkový počet nahraných bodů na tomto kvízu bez doplňovacích otázek.
3.
Pořadí na kvízu
Konečné umístění týmu na tomto kvízu.
Zaznamenané odpovědi
| # | Otázka | Odpověď | Body | Výsledky |
|---|---|---|---|---|
| 1. | Automobilka Škoda v minulém tý... | Laurin & Klement Kampus | 1 | |
| 2. | Které tři evropské země uznaly... | Norsko, Španělsko, Irsko | 0 | |
| 3. | Jak se nazývá literární festiv... | Svět knihy | 1 | |
| 4. | V pondělí se podíval do vesmír... | nejstarší člověk ve vesmíru | 1 | |
| 5. | Jak se jmenuje 23letý český te... | Tomáš Macháč | 1 | |
| 6. | Středověk bývá obvykle ohranič... | D | 0 | |
| 7. | Jak se jmenoval významný střed... | Magna Carta (Magna charta libertatum) | 1 | |
| 8. | Kdo byl zakladatelem a prvním... | Bořivoj | 1 | |
| 9. | Vytvořte z těchto středověkých... | 1B 2D 3C 4A | 1 | |
| 10. | Závěrem tématu se podíváme na... | tulipán | 0 |